000 00462nam a2200193Ia 4500
005 20250114112214.0
008 131103s9999 xx 000 0 und d
040 _aLoreto College
041 _aEnglish
082 _a900
_bLAM
100 _aLamprey, L.
245 _aChildren of ancient greece
_cL.Lamprey
260 _aLondon
_bGeorge G.Harrap
_c1928
300 _a206p
650 _aHistory
651 _aIndia-history
850 _aLCBED
942 _cBK
999 _c28810
_d79289